Statistics for Top 100 NBA Players 2024

Click here to take the quiz!

General Stats

  • This quiz has been taken 22,660 times
    (22,195 since last reset)
  • The average score is 64 of 100

Answer Stats

RankTeamPlayer% Correct
9LakersLeBron James
98%
5WarriorsStephen Curry
98%
1BucksGiannis Antetokounmpo
96%
2NuggetsNikola Jokić
96%
4MavericksLuka Dončić
95%
7SunsKevin Durant
94%
376ersJoel Embiid
93%
10LakersAnthony Davis
92%
6CelticsJayson Tatum
92%
11SunsDevin Booker
90%
12HeatJimmy Butler
90%
14BucksDamian Lillard
89%
19CelticsJaylen Brown
86%
24ClippersKawhi Leonard
86%
8ThunderShai Gilgeous-Alexander
85%
17NuggetsJamal Murray
84%
20TimberwolvesKarl-Anthony Towns
84%
18ClippersPaul George
84%
13TimberwolvesAnthony Edwards
83%
43ClippersJames Harden
83%
35GrizzliesJa Morant
83%
15CavaliersDonovan Mitchell
82%
41WarriorsKlay Thompson
82%
29HawksTrae Young
81%
60HawksDejounte Murray
80%
57PelicansZion Williamson
80%
16HeatBam Adebayo
79%
23KingsDe'Aaron Fox
79%
55WarriorsDraymond Green
78%
34MavericksKyrie Irving
78%
22KingsDomantas Sabonis
77%
80RocketsJalen Green
76%
48HornetsLaMelo Ball
75%
21PacersTyrese Haliburton
74%
47SpursVictor Wembanyama
73%
38BullsZach LaVine
73%
39BullsDeMar DeRozan
72%
26CelticsJrue Holiday
72%
25PacersPascal Siakam
71%
37SunsBradley Beal
69%
32KnicksJalen Brunson
69%
31GrizzliesJaren Jackson Jr.
69%
46BucksKhris Middleton
69%
27PelicansBrandon Ingram
68%
76WarriorsChris Paul
68%
30MagicPaolo Banchero
68%
45KnicksJulius Randle
67%
62CelticsKristaps Porzingis
67%
95ThunderJalen Williams
66%
89Trail BlazersRobert Williams III
66%
94ClippersRussell Westbrook
66%
97HornetsGrant Williams
65%
28JazzLauri Markkanen
65%
64TimberwolvesRudy Gobert
65%
4276ersTyrese Maxey
65%
36CavaliersDarius Garland
63%
33NetsMikal Bridges
63%
51NuggetsAaron Gordon
60%
50CavaliersJarrett Allen
60%
72WizardsJordan Poole
60%
44PelicansCJ McCollum
57%
54WarriorsAndrew Wiggins
56%
69BucksBrook Lopez
56%
40CavaliersEvan Mobley
56%
68NuggetsMichael Porter Jr.
55%
66LakersAustin Reaves
54%
49Trail BlazersDeandre Ayton
54%
79HeatTyler Herro
54%
85Trail BlazersAnfernee Simons
52%
61GrizzliesDesmond Bane
52%
53ThunderJosh Giddey
52%
56RocketsFred VanVleet
51%
59GrizzliesMarcus Smart
51%
74PistonsCade Cunningham
50%
96KingsHarrison Barnes
50%
63RaptorsScottie Barnes
50%
73ThunderChet Holmgren
49%
52MagicFranz Wagner
49%
65PacersMyles Turner
48%
86WizardsKyle Kuzma
47%
75BullsNikola Vucevic
45%
71RaptorsRJ Barrett
45%
8376ersTobias Harris
43%
78Trail BlazersScoot Henderson
42%
77JazzJordan Clarkson
39%
100KnicksMitchell Robinson
39%
88WarriorsKevon Looney
38%
82NetsCameron Johnson
37%
84HawksClint Capela
37%
98JazzCollin Sexton
37%
58Trail BlazersJerami Grant
37%
67KnicksOG Anunoby
37%
99PelicansJonas Valanciunas
35%
8776ersBuddy Hield
34%
93TimberwolvesMike Conley
34%
90JazzJohn Collins
29%
91KnicksJosh Hart
29%
70JazzWalker Kessler
29%
92RaptorsImmanuel Quickley
28%
81BucksBobby Portis
27%

Score Distribution

Percentile by Number Answered

Percent of People with Each Score

Your Score History

You have not taken this quiz since the last reset